000 00692nam a22001817a 4500
999 _c6968
_d6968
003 DO-SdBJH
005 20220824154819.0
008 220824b ||||| |||| 00| 0 spa d
040 _aDO-SdBJH
_bspa
_cDO-SdBJH
082 _aRD537; 621.3
_bC737
110 _aCompañía de Electricidad de Puerto Plata
245 _aHistoria del Calvario de la Compañía de Electricidad de Puerto Plata
_bUna inversion extranjera secuestrada por un demndante temerario que esgrime como arma insólita la sentencia de una Corte Judicial
260 _aSanto Domingo
_bCEPP
_cMayo 2005
300 _a66 Paginas
504 _aincluye texto en Español y en English
650 _aElectricidad
942 _2ddc
_cBK